000 01220nam2a2200265 4500
001 rc\4173448
005 20250611120815.0
021 _aRU
_b92-ВП-823/3,4
021 _aRU
_b[52-1476]
035 _a(NLR Aleph) 008184898
090 _a7939225
_c7939225
100 _a20130415d1951 |||y0rusy50 ca
101 0 _arus
102 _aRU
105 _ay z |||||
200 0 _aВып. 2
210 _d1951
_aБ. м.
215 _a202 с.
461 0 _1001rc\4173447
_12001#$aСборник статей по истории Кабарды$fподгот. Сектором истории Кабард. науч.-исслед. ин-та при Совете министров КАССР$g[ред. коллегия: Т. А. Жакомихов и др.]$vВып. 2
_97939220
_cНальчик
_d1951-1961
_fподгот. Сектором истории Кабард. науч.-исслед. ин-та при Совете министров КАССР
_nКабард. гос. изд-во
_tСборник статей по истории Кабарды
_vВып. 2
801 0 _aRU
_bNLR
_gpsbo
801 1 _aRU
_bELAR
_2rusmarc
852 _aNLR
_jИр80 Г-5/90(2)
942 _cBOOK
980 _aNB